000 01247nam2a2200241 4500
001 rc\2998697
005 20260315063545.0
035 _a(NLR Aleph) 007142261
090 _a13614768
_c13614768
100 _a20110919d1940 u y0rusy50 ca
101 0 _arus
102 _aRU
105 _ay j |||||
200 1 _aРазвитие, как переход количественных изменений в коренные качественные изменения
_eСтеногр. лекции, прочит. 20 янв. 1940 г.
_fМ. Розенталь
210 _d1940
215 _a30 с.
461 0 _1001rc\2998682
_12001#$aКурс диалектического и исторического материализма$fВысш. школа парт. организаторов при ЦК ВКП(б)$vТема 17
_97067483
_cМосква
_d1940
_fВысш. школа парт. организаторов при ЦК ВКП(б)
_nБ. и.
_tКурс диалектического и исторического материализма
_vТема 17
700 1 _aРозенталь
_bМ.М.
_gМарк Моисеевич
801 0 _aRU
_bNLR
_gpsbo
801 1 _aRU
_bELAR
_2rusmarc
852 _aNLR
_j39-18/289(17)
942 _cUNSPEC
980 _aNB